El ejecutivo colegiado en la constitución mendocina de 1854
محفوظ في:
| المؤلف الرئيسي: | |
|---|---|
| التنسيق: | كتاب |
| اللغة: | الإسبانية |
| منشور في: |
Buenos Aires
Universidad
1962
|
| الموضوعات: | |
| الوسوم: |
إضافة وسم
لا توجد وسوم, كن أول من يضع وسما على هذه التسجيلة!
|
MARC
| LEADER | 00000nam a2200000 a 4500 | ||
|---|---|---|---|
| 001 | UCO3170 | ||
| 003 | CL-VaPUC | ||
| 008 | 000714e19620000AG |||||||||||||||||spa|d | ||
| 082 | 0 | 4 | |a 982.64 |b PER |2 21 |
| 100 | 0 | |a Pérez Guilhou, Dardo |e author |9 447081 | |
| 245 | 1 | 3 | |a El ejecutivo colegiado en la constitución mendocina de 1854 |
| 300 | |a 28 p | ||
| 942 | |c BK | ||
| 945 | |d 20000714 00:00:00 |a rherrera | ||
| 260 | |a Buenos Aires |b Universidad |c 1962 | ||
| 500 | |a Apartado de la Revista del Instituto de Historia del Derecho N§ 12, 1961 | ||
| 650 | 7 | |a HISTORIA DE MENDOZA |2 CL-VaPUC |9 447060 | |
| 650 | 7 | |a HISTORIA DE ARGENTINA SIGLO 19 |2 CL-VaPUC |9 378483 | |
| 650 | 7 | |a CONSTITUCION MENDOCINA |2 CL-VaPUC |9 447082 | |
| 651 | 7 | |a MENDOZA |2 CL-VaPUC |9 447083 | |
| 583 | |a last modification |c 20160829 03:27:07 |k Rodrigo Vera | ||
| 999 | |c 289640 |d 289638 | ||
| 952 | |0 0 |1 0 |4 0 |6 982_640000000000000_PER_1962 |7 0 |8 A |9 338210 |a BIBHIS |b BIBHIS |d 2019-11-20 |i 1299875 |o 982.64 PER 1962 |p 1299875 |r 2025-01-20 |w 2019-11-20 |y BK |k HIS | ||